[Event "Hoogovens-B"]
[Site "Wijk aan Zee"]
[Date "1992.??.??"]
[Round "5"]
[White "Van Mil, Johannes A J"]
[Black "Moskalenko, Viktor"]
[Result "1-0"]
[WhiteElo "2445"]
[BlackElo "2505"]
[PlyCount "121"]
[EventDate "1992.01.??"]
[Source "ChessBase"]

1. e4 e6 2. d4 d5 3. Nc3 Nf6 4. Bg5 Be7 5. e5 Nfd7 6. Bxe7 Qxe7 7. Qh5 Nc6 8. O-O-O Nb6 9. f4 Bd7 10. Nf3 O-O-O 11. Qh4 Qf8 12. Kb1 Kb8 13. Qe1 a6 14. h4 h5 15. Rh3 Rc8 16. Rg3 g6 17. Ng5 Qe7 18. a3 Rhd8 19. Na2 Ka7 20. Nb4 Nxd4 21. Rxd4 c5 22. Rd1 cxb4 23. Qxb4 Qxb4 24. axb4 Be8 25. Rd4 Rd7 26. Ra3 Rdc7 27. c3 Na4 28. Nf3 b5 29. Kc2 Kb6 30. Bd3 Ra7 31. Ra2 a5 32. Kd2 Rcc7 33. bxa5+ Rxa5 34. Rb4 Nc5 35. Rxa5 Kxa5 36. Nd4 Rb7 37. Ke3 Bd7 38. Be2 Be8 39. Bf1 Bd7 40. Be2 Be8 41. Nc2 Kb6 42. Na3 Na6 43. Rd4 Bc6 44. Nc2 Ra7 45. Rd1 Nc5 46. Rb1 Ra8 47. Nb4 Na6 48. Nxc6 Kxc6 49. Ra1 Kb6 50. f5 exf5 51. Kf4 Re8 52. Bf3 Nc7 53. Kg5 Re6 54. Rd1 Kc5 55. Ra1 Kc6 56. b3 Kc5 57. Ra7 Kb6 58. Ra1 f4 59. Re1 Kc5 60. Kxf4 d4 61. cxd4+ 1-0

[Event "Kotov Memorial"]
[Site "Odessa UKR"]
[Date "1989.??.??"]
[Round "?"]
[White "Savon, Vladimir A"]
[Black "Rozentalis, Eduardas"]
[Result "1/2-1/2"]
[WhiteElo "2425"]
[BlackElo "2485"]
[PlyCount "95"]
[EventDate "1989.10.??"]
[Source "www.chesslib.no"]
[SourceDate "2004.05.04"]

1. e4 e6 2. d4 d5 3. Nc3 Nf6 4. Bg5 Be7 5. e5 Nfd7 6. Bxe7 Qxe7 7. Nf3 O-O 8. Bd3 c5 9. dxc5 Nc6 10. Qe2 f6 11. exf6 Qxf6 12. O-O Nxc5 13. Rae1 Bd7 14. Ne5 Nxe5 15. Qxe5 Rac8 16. Qg3 Qf4 17. Qxf4 Rxf4 18. a3 a6 19. g3 Rf3 20. Be2 Rf6 21. f4 d4 22. Nd1 Ba4 23. b3 d3 24. cxd3 Nxb3 25. Nb2 Bb5 26. Bd1 Nd4 27. Re4 Rd8 28. Ba4 Rf5 29. Rc1 Bxa4 30. Nxa4 Ra5 31. Nc5 Rxa3 32. Nxb7 Rd5 33. Rc4 Rxd3 34. Nc5 Rd2 35. Nxe6 Nf3+ 36. Kf1 Nxh2+ 37. Kg1 Nf3+ 38. Kf1 Rb2 39. Rc8+ Kf7 40. Nd8+ Kf6 41. Re2 Rxe2 42. Kxe2 Nd4+ 43. Kf2 Rd6 44. g4 a5 45. Nb7 Ra6 46. Nc5 Rc6 47. Ne4+ Ke6 48. Re8+ 1/2-1/2

[Event "ISL-ch"]
[Site "Arborg"]
[Date "1998.11.03"]
[Round "7"]
[White "Vidarsson, Jon G"]
[Black "Thorhallsson, Throstur"]
[Result "0-1"]
[WhiteElo "2375"]
[BlackElo "2495"]
[PlyCount "86"]
[EventDate "1998.10.27"]
[Source "ChessBase"]
[SourceDate "1999.01.01"]

1. e4 e6 2. d4 d5 3. Nc3 Nf6 4. Bg5 Be7 5. e5 Nfd7 6. Bxe7 Qxe7 7. Qh5 a6 8. f4 c5 9. Nf3 cxd4 10. Nxd4 Nc6 11. O-O-O Nxd4 12. Rxd4 b5 13. h4 b4 14. Nd1 Qc5 15. Rd2 Qa5 16. Rd4 Qxa2 17. Rxb4 Nc5 18. Qf3 Qa1+ 19. Kd2 Qa5 20. Qa3 Qc7 21. Bb5+ Bd7 22. Bxd7+ Qxd7 23. Rd4 Rc8 24. Nc3 Qc7 25. Kc1 O-O 26. Kb1 Ne4 27. Rh3 Qa7 28. Qb4 Rc4 29. Rxe4 Rxb4 30. Rxb4 Qg1+ 31. Ka2 Qxg2 32. Rd3 Qxc2 33. Rdd4 h5 34. Nb1 a5 35. Rb5 Qf2 36. Ra4 Qxh4 37. Rbxa5 Qf2 38. Rb5 Rc8 39. Na3 Rc1 40. Rb7 Qf1 41. Ra8+ Kh7 42. Rxf7 Qd1 43. b4 Rc3 0-1

[Event "Berlin Open"]
[Site "Berlin West"]
[Date "1987.??.??"]
[Round "?"]
[White "Cladouras, Panagiotis"]
[Black "Dizdar, Goran"]
[Result "1/2-1/2"]
[WhiteElo "2365"]
[BlackElo "2505"]
[PlyCount "47"]
[EventDate "1987.08.??"]
[Source "www.chesslib.no"]
[SourceDate "2004.05.04"]

1. e4 e6 2. d4 d5 3. Nc3 Nf6 4. Bg5 Be7 5. e5 Nfd7 6. Bxe7 Qxe7 7. Nf3 O-O 8. Bd3 c5 9. dxc5 Nc6 10. Qe2 Nxc5 11. O-O Bd7 12. a3 Rac8 13. Qe3 Nxd3 14. cxd3 f6 15. d4 f5 16. Nb5 Nxe5 17. Qxe5 Bxb5 18. Rfe1 Rfe8 19. h4 Qc7 20. Qe3 f4 21. Qd2 Qd6 22. Re5 Rf8 23. Rae1 Bd7 24. Ng5 1/2-1/2

[Event "Memorial R.Nezhmetdinov (open)"]
[Site "Kazan (Russia)"]
[Date "2007.06.01"]
[Round "1"]
[White "Magrifin I"]
[Black "Gleizerov Evgeny (RUS)"]
[Result "0-1"]
[WhiteElo "2227"]
[BlackElo "2570"]
[PlyCount "45"]
[EventDate "2007.??.??"]
[Source "www.chesslib.no"]
[SourceDate "2004.05.04"]

1. e4 e6 2. d4 d5 3. Nc3 Nf6 4. Bg5 Be7 5. e5 Nfd7 6. Bxe7 Qxe7 7. Nf3 O-O 8. Bd3 c5 9. O-O cxd4 10. Nb5 Nc6 11. Re1 f6 12. exf6 Nxf6 13. Nbxd4 Nxd4 14. Nxd4 e5 15. c4 Ng4 16. Nf3 Qc5 17. Bf1 Qxf2+ 18. Kh1 Qb6 19. Qxd5+ Be6 20. c5 Bxd5 21. cxb6 e4 22. Nd2 e3 23. Nc4 0-1

[Event "Buenos Aires Open"]
[Site "Buenos Aires ARG"]
[Date "1990.??.??"]
[Round "2"]
[White "Kanefsck, Gustavo"]
[Black "Gomez Baillo, Jorge H"]
[Result "0-1"]
[WhiteElo "2330"]
[BlackElo "2430"]
[PlyCount "60"]
[EventDate "1990.??.??"]
[Source "www.chesslib.no"]
[SourceDate "2004.05.04"]

1. e4 e6 2. d4 d5 3. Nc3 Nf6 4. Bg5 Be7 5. e5 Nfd7 6. Bxe7 Qxe7 7. Nf3 O-O 8. Bd3 c5 9. dxc5 Nc6 10. Qe2 Nxc5 11. O-O-O f6 12. exf6 Qxf6 13. Kb1 a6 14. h4 h6 15. Rde1 Bd7 16. Rh3 b5 17. g4 b4 18. Nd1 e5 19. Nxe5 Nxe5 20. Qxe5 Qxe5 21. Rxe5 Bxg4 22. Rh1 Nxd3 23. cxd3 d4 24. Re7 Rae8 25. Ra7 Bf5 26. Kc2 Re2+ 27. Kb3 Bxd3 28. Kxb4 Rd2 29. Rg1 Rf7 30. Ra8+ Kh7 0-1

[Event "Pula Open"]
[Site "Pula CRO"]
[Date "1990.??.??"]
[Round "4"]
[White "Rosic, Slavko"]
[Black "Ulibin, Mikhail"]
[Result "1-0"]
[WhiteElo "2260"]
[BlackElo "2500"]
[PlyCount "163"]
[EventDate "1990.??.??"]
[Source "www.chesslib.no"]
[SourceDate "2004.05.04"]

1. e4 e6 2. d4 d5 3. Nc3 Nf6 4. Bg5 Be7 5. e5 Nfd7 6. Bxe7 Qxe7 7. Nf3 O-O 8. Nb5 Nb6 9. c3 a6 10. Na3 c5 11. Bd3 Nc6 12. O-O Bd7 13. Rc1 c4 14. Bb1 f5 15. Ne1 g5 16. f4 g4 17. Bc2 Nc8 18. Nb1 b5 19. b4 a5 20. a3 Qd8 21. g3 N8e7 22. Nd2 Qb6 23. Rf2 axb4 24. axb4 Ra3 25. Bb1 Rfa8 26. Nf1 h5 27. Qd2 Kf7 28. Nc2 Rb3 29. Nfe3 h4 30. Nd1 Qa7 31. Qe1 Rh8 32. Qd2 Ng6 33. Re2 Qa8 34. Re3 Ke7 35. Re2 Kd8 36. Rg2 Kc7 37. Re2 Kb7 38. Rg2 Qa7 39. Re2 Kc7 40. Qe3 Rh7 41. Rf2 Qa8 42. Rg2 Kb7 43. Qd2 Qh8 44. Ba2 hxg3 45. Bxb3 cxb3 46. Ne1 Rxh2 47. Rxh2 Qxh2+ 48. Qxh2 gxh2+ 49. Kxh2 Nxf4 50. Rb1 Nd8 51. Rxb3 Nf7 52. Kg3 Ne2+ 53. Kf2 Nf4 54. Ke3 Nh3 55. Ng2 g3 56. Kf3 f4 57. Rb2 Nfg5+ 58. Kg4 f3 59. Kxg3 fxg2 60. Rxg2 Be8 61. Kh4 Bh5 62. Ne3 Ne4 63. Kxh3 Nxc3 64. Kh4 Be8 65. Ng4 Bg6 66. Kg5 Be4 67. Rh2 Kc7 68. Kf6 Kd7 69. Kf7 Bf5 70. Nf6+ Kc6 71. Ke7 Ne4 72. Rc2+ Kb7 73. Nxe4 dxe4 74. Rc3 e3 75. Rxe3 Kc6 76. Rc3+ Kd5 77. Rc5+ Kxd4 78. Kf6 Bh3 79. Rxb5 Kc4 80. Rb6 Kd5 81. Rd6+ Kc4 82. Rxe6 1-0

[Event "Elenite Open"]
[Site "Elenite"]
[Date "1986.??.??"]
[Round "?"]
[White "Manolov, Ivan"]
[Black "Toshkov, Tihomir"]
[Result "0-1"]
[WhiteElo "2270"]
[BlackElo "2430"]
[PlyCount "90"]
[EventDate "1986.??.??"]
[Source "www.chesslib.no"]
[SourceDate "2004.05.04"]

1. e4 e6 2. d4 d5 3. Nc3 Nf6 4. Bg5 Be7 5. e5 Nfd7 6. Bxe7 Qxe7 7. Nf3 a6 8. Qd2 c5 9. dxc5 Nc6 10. Qe3 Qxc5 11. Qxc5 Nxc5 12. O-O-O O-O 13. a3 b5 14. b4 Nd7 15. Re1 Bb7 16. Bd3 Rfc8 17. Nb1 a5 18. Bxb5 axb4 19. axb4 Nxb4 20. Nd4 Nb6 21. Re3 Nc4 22. Bxc4 dxc4 23. Rg3 Rd8 24. Nb5 Be4 25. N1a3 Ra5 26. Rg4 Bd5 27. Rd1 Rb8 28. Kd2 Nc6 29. f4 Raxb5 30. Nxb5 Rxb5 31. Rg3 h5 32. Rg1 Nd4 33. Re3 Rb8 34. Rh3 g6 35. Ra3 Kg7 36. c3 Nb3+ 37. Ke3 Nc5 38. g3 Rb2 39. Rga1 Rxh2 40. Ra7 Rg2 41. Rc7 Rxg3+ 42. Ke2 Nd3 43. Raa7 Nxf4+ 44. Kd2 Kh6 45. Rxf7 Kg5 0-1

[Event "Corr"]
[Site "?"]
[Date "2002.03.01"]
[Round "?"]
[White "Hernaez Fernandez Cecilio (ES"]
[Black "Bunk Wolfgang (GER)"]
[Result "1/2-1/2"]
[WhiteElo "2340"]
[BlackElo "2349"]
[PlyCount "62"]
[EventDate "2002.??.??"]
[Source "www.chesslib.no"]
[SourceDate "2004.05.04"]

1. d4 e6 2. e4 d5 3. Nc3 Nf6 4. Bg5 Be7 5. e5 Nfd7 6. Bxe7 Qxe7 7. Bb5 O-O 8. Nf3 c5 9. O-O a6 10. Bxd7 Bxd7 11. Ne2 Bb5 12. Re1 Bxe2 13. Rxe2 cxd4 14. Qxd4 Nc6 15. Qb6 Rfc8 16. c3 Qc7 17. Qe3 Ne7 18. Nd4 b5 19. a3 Nc6 20. Rd1 Nxd4 21. Rxd4 Qb6 22. Red2 a5 23. h3 Qa7 24. Qf4 Rc4 25. R2d3 Rac8 26. Rg3 Rxd4 27. cxd4 g6 28. Rc3 Rxc3 29. bxc3 Qc7 30. Qf6 h6 31. Kh2 Qxc3 1/2-1/2

[Event "Nordic Grand Prix"]
[Site "Torshavn"]
[Date "1997.??.??"]
[Round "9"]
[White "Kristensen, Bjarke"]
[Black "Bromann, Thorbjorn"]
[Result "1/2-1/2"]
[WhiteElo "2415"]
[BlackElo "2230"]
[PlyCount "131"]
[EventDate "1997.02.07"]
[Source "ChessBase"]

1. e4 e6 2. d4 d5 3. Nc3 Nf6 4. Bg5 Be7 5. e5 Nfd7 6. Bxe7 Qxe7 7. Qh5 Nc6 8. O-O-O Nb6 9. f4 Bd7 10. Qg5 O-O-O 11. Qxe7 Nxe7 12. b3 Kb8 13. Kb2 Rc8 14. Nb1 c5 15. c3 a5 16. Nf3 c4 17. h4 Nf5 18. Re1 cxb3 19. axb3 a4 20. b4 Ng3 21. Rh3 Nxf1 22. Rxf1 Nc4+ 23. Ka2 b5 24. Nfd2 Nb6 25. Na3 f5 26. exf6 gxf6 27. Re3 Rhg8 28. g3 Rce8 29. Rfe1 Kc7 30. Rg1 Kd6 31. g4 e5 32. fxe5+ fxe5 33. Nf3 e4 34. Ne5 Ref8 35. Re2 Rf4 36. Reg2 Rgf8 37. h5 Rf2+ 38. Kb1 e3 39. Nc2 Rf1+ 40. Rxf1 Rxf1+ 41. Kb2 Rf2 42. Rg3 a3+ 43. Kb3 a2 44. Rg1 Nc4 45. Rc1 e2 46. Nxd7 Rf1 47. Ne1 Nd2+ 48. Kxa2 Nf3 49. Nxf3 Rxc1 50. Nde5 e1=Q 51. Nxe1 Rxe1 52. g5 Rh1 53. g6 Rxh5 54. gxh7 Rxh7 55. Kb3 Ke6 56. Nd3 Kf5 57. Ne1 Ke4 58. Nc2 Kd3 59. Na3 Rb7 60. Kb2 Kd2 61. Nb1+ Kd1 62. Na3 Rb8 63. Kb1 Rb7 64. Kb2 Rb6 65. Kb1 Kd2 66. Kb2 1/2-1/2

[Event "Trinec op"]
[Site "?"]
[Date "2001.12.30"]
[Round "5"]
[White "Vojtek Vladimir"]
[Black "Babula Milan"]
[Result "1/2-1/2"]
[WhiteElo "2277"]
[BlackElo "2343"]
[PlyCount "89"]
[EventDate "2001.??.??"]
[Source "www.chesslib.no"]
[SourceDate "2004.05.04"]

1. e4 e6 2. d4 d5 3. Nc3 Nf6 4. Bg5 Be7 5. e5 Nfd7 6. Bxe7 Qxe7 7. Qh5 a6 8. f4 c5 9. Nf3 Nc6 10. O-O-O b5 11. dxc5 Nxc5 12. f5 g6 13. fxg6 fxg6 14. Qh6 Bb7 15. Ne2 Ne4 16. Qe3 O-O-O 17. Ned4 Na5 18. Nd2 Nxd2 19. Rxd2 Nc4 20. Bxc4 dxc4 21. Rf1 Rhf8 22. Rfd1 g5 23. Qh3 Bd5 24. Nxb5 axb5 25. Rxd5 Rxd5 26. Rxd5 Rf1+ 27. Rd1 Rxd1+ 28. Kxd1 Qd7+ 29. Kc1 Qd5 30. Qg3 Qe4 31. a3 h6 32. Kb1 Kd7 33. b3 cxb3 34. Qd3+ Qxd3 35. cxd3 Kc6 36. Kb2 Kd5 37. Kxb3 Kxe5 38. Kb4 Kd4 39. Kxb5 Kxd3 40. a4 e5 41. a5 e4 42. a6 e3 43. a7 e2 44. a8=Q e1=Q 45. Qd5+ 1/2-1/2

[Event "SVK-chT2 9697"]
[Site "SVK"]
[Date "1997.??.??"]
[Round "11"]
[White "Vojtek, Vladimir"]
[Black "Hagarova, Zuzana"]
[Result "1-0"]
[WhiteElo "2295"]
[BlackElo "2275"]
[PlyCount "89"]
[EventDate "1997.??.??"]
[Source "www.chesslib.no"]
[SourceDate "2004.05.04"]

1. e4 e6 2. d4 d5 3. Nc3 Nf6 4. Bg5 Be7 5. e5 Nfd7 6. Bxe7 Qxe7 7. Qh5 O-O 8. f4 c5 9. Nf3 f6 10. O-O-O Nc6 11. Bd3 g6 12. Qh4 cxd4 13. Nb5 Nb4 14. Kb1 Nc5 15. Rhe1 Qd7 16. Nbxd4 Qa4 17. a3 Ncxd3 18. cxd3 Nc6 19. Nxc6 bxc6 20. exf6 Rb8 21. Ng5 h5 22. f7+ Kg7 23. Qf2 Bd7 24. Rd2 Rb3 25. Ka2 Rb5 26. Qe3 d4 27. Nxe6+ Bxe6+ 28. Qxe6 Rf5 29. g3 R8xf7 30. Rc1 c5 31. Rdc2 Qb5 32. Qc4 Qa5 33. b4 cxb4 34. Qxd4+ R5f6 35. Qxb4 Qxb4 36. axb4 Rb6 37. Rc4 Rfb7 38. Rc7+ Kf6 39. Rxb7 Rxb7 40. Kb3 Rd7 41. Rc6+ Kf5 42. Kc4 Rg7 43. h3 h4 44. Rc5+ Kf6 45. g4 1-0

[Event "Caorle Open"]
[Site "Caorle ITA"]
[Date "1988.??.??"]
[Round "5"]
[White "Kajganovic, Miodrag"]
[Black "Kagan, Naum"]
[Result "1/2-1/2"]
[WhiteElo "2260"]
[BlackElo "2300"]
[PlyCount "116"]
[EventDate "1988.??.??"]
[Source "www.chesslib.no"]
[SourceDate "2004.05.04"]

1. e4 e6 2. d4 d5 3. Nc3 Nf6 4. Bg5 Be7 5. e5 Nfd7 6. Bxe7 Qxe7 7. Nf3 a6 8. Bd3 c5 9. dxc5 Nc6 10. Qe2 Nxc5 11. O-O O-O 12. Rfe1 Bd7 13. Qe3 Nxd3 14. cxd3 Rac8 15. Nd4 Nxd4 16. Qxd4 f6 17. f4 Qc5 18. Qxc5 Rxc5 19. g3 f5 20. Rac1 Rfc8 21. Kf2 d4 22. Ne2 Rc2 23. Rb1 Rd2 24. Red1 Rxd1 25. Rxd1 Rc2 26. Rb1 Bb5 27. Kf3 Bxd3 28. Nxd4 Rxh2 29. Rc1 Be4+ 30. Ke3 Bd5 31. Rc8+ Kf7 32. Rc7+ Kf8 33. Rc8+ Kf7 34. Rc7+ Kg6 35. Re7 Rxb2 36. Nxe6 Bxe6 37. Rxe6+ Kf7 38. Rd6 Ke7 39. Kf3 a5 40. g4 fxg4+ 41. Kxg4 a4 42. f5 a3 43. Rd3 Rxa2 44. Rb3 Rb2 45. Rxa3 Rb4+ 46. Kg3 g5 47. Rc3 h5 48. Rc7+ Kd8 49. Rf7 h4+ 50. Kh3 Rf4 51. f6 b5 52. Rb7 Ke8 53. Rxb5 Kf8 54. Rb7 Re4 55. Re7 Rf4 56. Rg7 Rf5 57. Kg4 Rxe5 58. Kh5 g4+ 1/2-1/2

[Event "Tampere ELO Taraus"]
[Site "Tampere"]
[Date "1998.??.??"]
[Round "4"]
[White "Kiltti, Jyrki"]
[Black "Kallio, Heikki"]
[Result "1/2-1/2"]
[WhiteElo "2190"]
[BlackElo "2330"]
[PlyCount "62"]
[EventDate "1998.??.??"]
[Source "www.chesslib.no"]
[SourceDate "2004.05.04"]

1. Nc3 d5 2. e4 e6 3. d4 Nf6 4. Bg5 Be7 5. e5 Nfd7 6. Bxe7 Qxe7 7. Qh5 a6 8. Nf3 c5 9. dxc5 Nxc5 10. Bd3 Nxd3+ 11. cxd3 Nc6 12. O-O h6 13. Rac1 g6 14. Qg4 Bd7 15. Na4 Qb4 16. Qxb4 Nxb4 17. Nb6 Rd8 18. Rc7 Bc6 19. Nd4 Nxd3 20. f4 Nxb2 21. Rb1 Nd3 22. Nc8 Kf8 23. Nd6 Kg8 24. Nxf7 Rh7 25. Nxd8 Rxc7 26. N8xe6 Rc8 27. g3 a5 28. Nxc6 bxc6 29. Rb7 c5 30. Nc7 Nb4 31. a3 c4 1/2-1/2

[Event "Bad Bevensen (25.06.-03.07)"]
[Site "?"]
[Date "2005.06.29"]
[Round "5.1"]
[White "Ljubarskij Juri"]
[Black "Raedeker Bernd"]
[Result "1/2-1/2"]
[WhiteElo "2299"]
[BlackElo "2210"]
[PlyCount "67"]
[EventDate "2005.??.??"]
[Source "www.chesslib.no"]
[SourceDate "2004.05.04"]

1. e4 e6 2. d4 d5 3. Nc3 Nf6 4. Bg5 Be7 5. e5 Nfd7 6. Bxe7 Qxe7 7. Nf3 a6 8. Bd3 c5 9. dxc5 Nxc5 10. O-O Nc6 11. Re1 Bd7 12. a3 Rc8 13. Bf1 Na7 14. Re3 O-O 15. Qd4 Nc6 16. Qd2 f5 17. exf6 Qxf6 18. Nxd5 Qxb2 19. Rae1 Rcd8 20. Nb4 a5 21. Nxc6 Bxc6 22. Qxa5 b6 23. Qc3 Qxc3 24. Rxc3 Bxf3 25. gxf3 Rd6 26. Bc4 Rf6 27. Rce3 Kf7 28. Bd3 Nxd3 29. cxd3 Rf4 30. Rb1 Rfd4 31. Rb3 Kf6 32. Kg2 g5 33. Kg3 h5 34. Rc3 1/2-1/2

[Event "POL-chT"]
[Site "Lubniewice"]
[Date "1981.??.??"]
[Round "6"]
[White "Kaczmarek, A."]
[Black "Rosiak, Andrzej"]
[Result "1-0"]
[WhiteElo "2200"]
[BlackElo "2295"]
[PlyCount "67"]
[EventDate "1981.??.??"]
[Source "ChessBase"]

1. e4 e6 2. d4 d5 3. Nc3 Nf6 4. Bg5 Be7 5. e5 Nfd7 6. Bxe7 Qxe7 7. Nf3 a6 8. Qd2 b5 9. Nd1 c5 10. c3 Nc6 11. Bd3 b4 12. O-O bxc3 13. bxc3 h6 14. Ne3 Rb8 15. Bc2 c4 16. h3 Na7 17. Nh2 Qa3 18. f4 g6 19. f5 gxf5 20. g4 Rb2 21. gxf5 Kd8 22. Nd1 Rxa2 23. Rxa2 Qxa2 24. Rf2 Nb5 25. Ng4 Qa1 26. Kh2 Na3 27. Nxh6 Rxh6 28. Qxh6 Nxc2 29. fxe6 fxe6 30. Qxe6 Qxd1 31. Qd6 Ke8 32. e6 Nf6 33. e7 Bf5 34. Qxf6 1-0

[Event "Bayernliga 2001/02"]
[Site "?"]
[Date "2002.??.??"]
[Round "1"]
[White "Kuehn Manfred[64Mue"]
[Black "Dengler Peter"]
[Result "1/2-1/2"]
[WhiteElo "2245"]
[BlackElo "2240"]
[PlyCount "59"]
[EventDate "2002.??.??"]
[Source "www.chesslib.no"]
[SourceDate "2004.05.04"]

1. e4 e6 2. d4 d5 3. Nc3 Nf6 4. Bg5 Be7 5. e5 Nfd7 6. Bxe7 Qxe7 7. Nf3 a6 8. Bd3 c5 9. dxc5 Nc6 10. O-O Nxc5 11. Re1 Nxd3 12. cxd3 O-O 13. Rc1 f5 14. h4 Bd7 15. Ne2 Rfc8 16. a3 Be8 17. Nf4 Rc7 18. Qd2 Rac8 19. Rc3 h6 20. h5 Bf7 21. Rec1 Nd8 22. Nd4 Rxc3 23. Rxc3 Rxc3 24. Qxc3 Qd7 25. Qc5 Nc6 26. Nxc6 bxc6 27. Qb6 Qe8 28. Qxa6 Bxh5 29. Nxh5 Qxh5 30. Qxc6 1/2-1/2

[Event "12.Seefeld(Casino) op"]
[Site "?"]
[Date "2001.09.16"]
[Round "2"]
[White "Gruener Reinhard"]
[Black "Pilz Dieter"]
[Result "0-1"]
[WhiteElo "2113"]
[BlackElo "2289"]
[PlyCount "122"]
[EventDate "2001.??.??"]
[Source "www.chesslib.no"]
[SourceDate "2004.05.04"]

1. d4 Nf6 2. Nc3 d5 3. Bg5 e6 4. e4 Be7 5. e5 Nfd7 6. Bxe7 Qxe7 7. Nf3 a6 8. Qd2 c5 9. Ne2 cxd4 10. Nexd4 Nc6 11. Nxc6 bxc6 12. Be2 O-O 13. O-O c5 14. c3 a5 15. Rfe1 Ba6 16. Bd1 Rfd8 17. Bc2 h6 18. h4 Nf8 19. g4 d4 20. Be4 Bb7 21. g5 h5 22. cxd4 cxd4 23. Nxd4 Bxe4 24. Rxe4 Rd5 25. Qe2 Qd7 26. Nf3 Rd8 27. b3 Qb7 28. Kg2 Ng6 29. Kg3 Ne7 30. Rf4 g6 31. Ra4 Rd3 32. Qe4 Nf5+ 33. Kg2 Qb6 34. Rc1 R3d5 35. Rac4 Kg7 36. Rc8 Qa6 37. Rxd8 Rxd8 38. Re1 Qb6 39. Rc1 Qa6 40. Re1 Rb8 41. Rd1 Rb4 42. Qd3 Qb7 43. Kf1 Nxh4 44. Nd4 Qg2+ 45. Ke2 Qg4+ 46. Kf1 Qxg5 47. Qe4 Nf5 48. a3 Rxd4 49. Rxd4 Qc1+ 50. Kg2 Nxd4 51. Qxd4 Qxa3 52. Qd8 Qxb3 53. Qf6+ Kg8 54. Qd8+ Kh7 55. Qe7 Qd5+ 56. f3 Kg8 57. Qc7 Kg7 58. Kg3 a4 59. f4 a3 60. Qe7 Qd3+ 61. Kh4 Qf5 0-1

[Event "FRA-chT2S 9899"]
[Site "?"]
[Date "1999.??.??"]
[Round "5"]
[White "Moncamp Gilles"]
[Black "Veysseyre Didier"]
[Result "1-0"]
[WhiteElo "2230"]
[BlackElo "2158"]
[PlyCount "67"]
[EventDate "1999.??.??"]
[Source "www.chesslib.no"]
[SourceDate "2004.05.04"]

1. e4 e6 2. d4 d5 3. Nc3 Nf6 4. Bg5 Be7 5. e5 Nfd7 6. Bxe7 Qxe7 7. Nf3 O-O 8. Bd3 c5 9. h4 f6 10. Ng5 f5 11. Nb5 Na6 12. c3 b6 13. a3 c4 14. Bc2 Bb7 15. Qh5 g6 16. Qh6 Bc6 17. Nd6 Nc7 18. h5 Qg7 19. hxg6 Qxh6 20. Rxh6 Kg7 21. Rxh7+ Kxg6 22. f4 Rh8 23. Rxh8 Rxh8 24. Kf2 a6 25. Rg1 Nf8 26. g4 Rh2+ 27. Rg2 Rxg2+ 28. Kxg2 Bd7 29. Nxe6 Ncxe6 30. gxf5+ Kh5 31. Bd1+ Kh4 32. fxe6 Bxe6 33. f5 Bg8 34. e6 1-0

[Event "Hessen-chB "]
[Site "Frankfurt"]
[Date "2000.04.21"]
[Round "10"]
[White "Schlein, Julia"]
[Black "Kuban, Guenter"]
[Result "0-1"]
[WhiteElo "2119"]
[BlackElo "2266"]
[PlyCount "88"]
[EventDate "2000.??.??"]
[Source "www.chesslib.no"]
[SourceDate "2004.05.04"]

1. e4 e6 2. d4 d5 3. Nc3 Nf6 4. Bg5 Be7 5. e5 Nfd7 6. Bxe7 Qxe7 7. Nf3 a6 8. a3 c5 9. Ne2 Nc6 10. c3 b5 11. g3 Bb7 12. Bg2 O-O 13. O-O cxd4 14. cxd4 Nb6 15. Nf4 a5 16. b3 Rfc8 17. h4 Ba6 18. Re1 Ra7 19. Ng5 h6 20. Nf3 b4 21. a4 Rac7 22. Nh2 Nd8 23. Ng4 Rc3 24. Ra2 Qf8 25. Rd2 Nc6 26. Nh5 Nd7 27. Qb1 Ne7 28. Bf1 Bxf1 29. Kxf1 R8c6 30. Kg2 Kh8 31. Rdd1 Nf5 32. Nf4 Qd8 33. Rh1 Qb6 34. Nxd5 Qb7 35. Nxc3 Rxc3+ 36. d5 Nb6 37. Kh2 Nxd5 38. Rd3 h5 39. Ne3 Ndxe3 40. fxe3 Nxe3 41. Rg1 Rxd3 42. Qb2 Qd5 43. Kh3 Rd2 44. Qc1 Ng4 0-1

[Event "Oberliga Ost A9899"]
[Site "GER"]
[Date "1999.??.??"]
[Round "?"]
[White "Bauer, Joerg"]
[Black "Zschiedrich, Heiko"]
[Result "1-0"]
[WhiteElo "2220"]
[BlackElo "2140"]
[PlyCount "149"]
[EventDate "1998.??.??"]
[Source "www.chesslib.no"]
[SourceDate "2004.05.04"]

1. e4 e6 2. d4 d5 3. Nc3 Nf6 4. Bg5 Be7 5. e5 Nfd7 6. Bxe7 Qxe7 7. Nf3 O-O 8. Bd3 c5 9. O-O Nc6 10. Re1 a6 11. dxc5 Nxc5 12. Ne2 f6 13. Ned4 fxe5 14. Nxc6 bxc6 15. Nxe5 Nxd3 16. cxd3 c5 17. Rc1 Rf5 18. Qc2 Qg5 19. Qxc5 Rxe5 20. Rxe5 Qxe5 21. Qc6 Bb7 22. Qxb7 Rf8 23. Qxa6 Qxb2 24. Qxe6+ Kh8 25. Qe3 Qxa2 26. g3 h6 27. Qd4 Rf7 28. Re1 Qa8 29. Re6 Kg8 30. Qe5 Kh7 31. Rd6 Qa7 32. d4 Qa1+ 33. Kg2 Qb2 34. Qe3 Qa2 35. Rd8 Qc4 36. Qe6 Rf6 37. Qxd5 Qe2 38. Qg8+ Kg6 39. Qe8+ Qxe8 40. Rxe8 Rd6 41. Re4 Kf5 42. Kf3 g5 43. Re5+ Kf6 44. Ke4 Ra6 45. Rf5+ Ke7 46. h4 gxh4 47. gxh4 Ra2 48. f4 Re2+ 49. Kd5 Rf2 50. Rh5 Rxf4 51. Rxh6 Rf1 52. Re6+ Kd7 53. h5 Rh1 54. Re5 Rh2 55. Rg5 Ke7 56. Kc6 Rd2 57. Re5+ Kf6 58. Kd5 Rh2 59. h6 Kf7 60. Re6 Ra2 61. h7 Ra5+ 62. Kd6 Kg7 63. d5 Kxh7 64. Rf6 Kg7 65. Rf4 Ra1 66. Ke7 Re1+ 67. Kd7 Rd1 68. d6 Rd2 69. Ke7 Re2+ 70. Kd8 Rd2 71. d7 Rc2 72. Ke7 Re2+ 73. Kd6 Rd2+ 74. Ke6 Kg8 75. Rf5 1-0

[Event "HUN-chT3 0102"]
[Site "?"]
[Date "2002.01.27"]
[Round "6.3"]
[White "Horvath Zsolt"]
[Black "Czibulka Zoltan"]
[Result "1-0"]
[WhiteElo "2144"]
[BlackElo "2215"]
[PlyCount "121"]
[EventDate "2002.??.??"]
[Source "www.chesslib.no"]
[SourceDate "2004.05.04"]

1. d4 d5 2. Nc3 e6 3. e4 Nf6 4. Bg5 Be7 5. e5 Nfd7 6. Bxe7 Qxe7 7. Nf3 a6 8. Bd3 c5 9. dxc5 Nxc5 10. O-O Nc6 11. a4 Bd7 12. Re1 Rc8 13. Bf1 O-O 14. Nd4 Qh4 15. Nb3 Nxb3 16. cxb3 Rfd8 17. Re3 g6 18. Ne2 Qb4 19. f4 Qb6 20. Qd3 Be8 21. Kh1 Nb4 22. Qd4 Qa5 23. Qd2 Rc2 24. Qe1 Qc5 25. Rh3 Qe7 26. Rb1 d4 27. Nc1 Bc6 28. Nd3 Nxd3 29. Rxd3 b5 30. Qd1 Rc5 31. Rxd4 Rcd5 32. Rxd5 Rxd5 33. Qc2 Rc5 34. Qd2 Be4 35. Rc1 Rd5 36. Qe3 Bf5 37. Kg1 Qd7 38. Be2 h5 39. axb5 axb5 40. b4 Bd3 41. Bf3 Bc4 42. Bxd5 Qxd5 43. h3 Kg7 44. Kh2 Qb7 45. Ra1 Qd5 46. Ra7 Bf1 47. Qf2 Qd3 48. Kg1 Be2 49. Kh2 Bd1 50. Qh4 Qf5 51. Qg5 Bc2 52. Qxf5 Bxf5 53. Kg3 Be4 54. h4 Kf8 55. Kf2 Ke8 56. g3 Bc6 57. Ke3 Bd7 58. Ra8+ Ke7 59. Kd4 Bc6 60. Ra7+ Ke8 61. Kc5 1-0

[Event "Hallsberg op U18"]
[Site "?"]
[Date "2000.??.??"]
[Round "1"]
[White "Mohammadi Amir"]
[Black "Kovaljov Denis"]
[Result "1-0"]
[WhiteElo "2087"]
[BlackElo "2247"]
[PlyCount "83"]
[EventDate "2000.??.??"]
[Source "www.chesslib.no"]
[SourceDate "2004.05.04"]

1. e4 e6 2. d4 d5 3. Nc3 Nf6 4. Bg5 Be7 5. e5 Nfd7 6. Bxe7 Qxe7 7. Nf3 a6 8. Be2 c5 9. dxc5 Nc6 10. Na4 O-O 11. O-O Nxc5 12. c4 Nxa4 13. Qxa4 d4 14. Rad1 Rd8 15. Bd3 f5 16. a3 Bd7 17. Qc2 Be8 18. Rfe1 Bh5 19. Be2 a5 20. Rd3 Bg6 21. Qd2 Qc5 22. Bd1 a4 23. Ng5 Qxc4 24. b3 Qd5 25. bxa4 Nxe5 26. Bb3 Nc4 27. Qa2 Rac8 28. Nf3 b5 29. Rxd4 Qc5 30. Rxd8+ Rxd8 31. axb5 Nxa3 32. Bxe6+ Kh8 33. Bf7 Nc2 34. Rb1 Bxf7 35. Qxf7 Qxb5 36. Rf1 Nb4 37. Ng5 Qe8 38. Qb7 Nd5 39. Nf7+ Kg8 40. Nxd8 Nf4 41. Qb3+ Kf8 42. Qb4+ 1-0

[Event "Itau Mercosul Cup 4th"]
[Site "Sao Paulo"]
[Date "2000.10.21"]
[Round "6"]
[White "Nagashima, Carlos Alberto"]
[Black "De Souza Haro, Paulo Cezar"]
[Result "1/2-1/2"]
[WhiteElo "2037"]
[BlackElo "2268"]
[PlyCount "22"]
[EventDate "2000.10.??"]
[Source "www.chesslib.no"]
[SourceDate "2004.05.04"]

1. e4 e6 2. d4 d5 3. Nc3 Nf6 4. Bg5 Be7 5. e5 Nfd7 6. Bxe7 Qxe7 7. Nf3 a6 8. Bd3 c5 9. dxc5 Nxc5 10. O-O Nc6 11. Qe2 Bd7 1/2-1/2